000 00426nam a2200181Ia 4500
008 090123s9999 xx 000 0 und d
082 _b40928
100 _aDESAI S.G.
245 _aTHE STORY OF SHRIKRISHNA
250 _a0
260 _bJYOTSNA PRAKASHAN
300 _a31
600 _aDESAI S.G.
630 _aTHE STORY OF SHRIKRISHNA
700 _aDESAI S.G.
730 _aTHE STORY OF SHRIKRISHNA
942 _cBOOK
999 _c79001
_d79001